History Quiz

Random History or Nation Quiz
Score 0/7 Timer 02:00
4 Plays Today
% Correct
Colombia
98.6%
Peru
97.6%
Brazil
97%
Venezuela
96.9%
Ecuador
96.3%
Panama
95.9%
Guyana
90.8%

You're not logged in!

Compare scores with friends on all Sporcle quizzes.
OR
Log In

Sporcle TV

Today on Sporcle TV


Watch our educational content, quiz creation guides, and fun videos on Sporcle TV.

Show Comments

Extras

Top Quizzes Today


Score Distribution

Paid Content

Your Account Isn't Verified!

In order to create a playlist on Sporcle, you need to verify the email address you used during registration. Go to your Sporcle Settings to finish the process.

Report this User

Report this user for behavior that violates our Community Guidelines.

Details: